000 00511nam a22001817a 4500
003 MPLRDC
005 20220104143307.0
008 210129b ||||| |||| 00| 0 eng d
020 _a7-5034-0045-5
082 _a628.63 WXQ
100 _a汪学起等编著
245 _a第四战线: 国民党中央广播电台掇实
_c
250 _a一版一刷
260 _a
_b中国文史出版社
_c1988
300 _b
650 _a中国现代史; 民国史--国民政府迁台以后
942 _cBK
_o628.63 WXQ
999 _c38490
_d38480